| 000 | 00842nam a22002657a 4500 | ||
|---|---|---|---|
| 999 |
_c411948 _d411948 |
||
| 001 | 124780 | ||
| 003 | UA-OsUOA | ||
| 005 | 20200123185605.0 | ||
| 007 | ta | ||
| 008 | 20170823b un ||||| |||| 00| 0 ukr d | ||
| 020 | _a9665042467 | ||
| 040 |
_aUA-OsUOA _bukr _cUA-OsUOA _dUA-OsUOA |
||
| 041 | _aukr | ||
| 044 | _aUA | ||
| 080 | _a82.09(100) | ||
| 090 |
_a82.09(100) _bВ68 |
||
| 100 | _aВолощук Є. | ||
| 245 |
_aЗарубіжна література _bхрестоматія-посібник для 11-го кл. загальноосвіт навч. закл. |
||
| 260 |
_aК. _bГенеза _c2003 |
||
| 300 |
_a560 с. _bІлюстрації |
||
| 650 | 7 |
_a82 Література. Літературознавство _2UDC |
|
| 942 |
_cBK _2udc |
||
| 955 | _a2 | ||